000 00575nam a2200229Ia 4500
003 OSt
005 20220924150144.0
006 a|||||r|||| 00| 0
007 ta
008 220923b |||||||| |||| 00| 0 tel d
024 _a331996
037 _cTextual
040 _aARTS
_cARTS
_btel
041 _2tel
_atel
082 _aO35,1:g, K0
100 _aRao Vinnakota Madhava
_9221382
245 0 _aKavya silpam
260 _c1960
650 _aTELUGU LITERATURE
942 _hO35,1:g, K0
_cTEXL
_2CC
999 _c462367
_d462367